Microeconomic theory a concise course (Registro nro. 88573)

Detalles MARC
000 -ENCABEZADO
Número de control [NR] 00782nam a22002177a 4500
008 - DE LONGITUD FIJA DE DATOS DE ELEMENTOS - INFORMACIÓN GENERAL
Elementos de longitud fija [NR] 130821s2005 enka gr eng
020 ## - NUMERO INTERNACIONAL NORMALIZADO PARA LIBROS [R]
Número Internacional Normalizado del libro [NR] 0199280290
040 ## - FUENTE DE CATALOGACION [NR]
Agencia de catalogación original [NR] Co-BoUCM
Idioma de catalogación [NR] spa
041 00 - CODIGO DE IDIOMA [R]
Código de idioma para texto/pista de sonido o título separado [R] Inglés
100 1# - ASIENTO PRINCIPAL--NOMBRE PERSONAL [NR]
Nombre personal [NR] Bergin, James.
245 10 - MENCION DE TITULO [NR]
Título [NR] Microeconomic theory a concise course
Mención de responsabilidad, etc. [NR] James Bergin
260 ## - PUBLICACION, DISTRIBUCION, ETC. (PIE DE IMPRENTA) [R]
Lugar de publicación, distribución, etc. [R] Oxford (Oxfordshire, Inglaterra)
Nombre del editor, distribuidor, etc. [R] Oxford University Press
Fecha de publicación, distribución, etc. [R] 2005
300 ## - DESCRIPCION FISICA [R]
Extensión [R] xxi, 356 páginas
Otros detalles físicos [NR] ilustraciones
504 ## - NOTA DE BIBLIOGRAFIA, ETC. [R]
Nota de bibliografía, etc. [NR]
650 04 - ASIENTO SECUNDARIO DE MATERIA - TERMINO TEMATICO [R]
Término temático o nombre geográfico como elemento de entrada [NR] Economía
9 (RLIN) 174
650 04 - ASIENTO SECUNDARIO DE MATERIA - TERMINO TEMATICO [R]
Término temático o nombre geográfico como elemento de entrada [NR] Microeconomía
9 (RLIN) 19488
650 04 - ASIENTO SECUNDARIO DE MATERIA - TERMINO TEMATICO [R]
Término temático o nombre geográfico como elemento de entrada [NR] Teoría económica
9 (RLIN) 25318
856 41 - LOCALIZACION Y ACCESO ELECTRONICOS [R]
Nombre del dominio (“Host name”) [R] Tabla de contenido
Identificador Uniforme del Recurso (“URI”) [R] <a href="http://www.loc.gov/catdir/toc/ecip055/2004030367.html">http://www.loc.gov/catdir/toc/ecip055/2004030367.html</a>
942 ## - ELEMENTOS DE ENTRADA AGREGADOS (KOHA)
Tema principal Economía
Edición 1
Prefijo de la signatura top. (colección) Colección - Referencia
Parte restante de la signatura top. B498m
Tipo de ítem principal el descrito en 300a Libro de referencia
Sistema de clasificación DEWEY
Clasificación 338.5
Existencias
Fecha de último préstamo Total préstamos Signatura topográfica Código de barras Última vez visto Ejemplar Price effective from Tipo de ítem Perdido Sistema de clasificación Dañado No prestable Tipo de ítem específico Suprimido Ubicación habitual Ubicación actual Localización Fecha de creación Forma de adquisición Costo
16/01/2020 2 338.5 B498m 100074937 04/12/2025 Ej.1 03/02/2013 Libro   DEWEY     Libro   Claustro Claustro Mezanine 28/02/2006 Compra 55.00
    R 338.5 B498m 100077181 04/12/2025 Ej.2 03/02/2013 Libro   DEWEY     Libro   Claustro Claustro Mezanine 28/02/2006 Compra 51.35